Caste in Modern India and other Essays (Record no. 227243)

MARC details
000 -LEADER
fixed length control field 00521nam a22001817a 4500
005 - DATE AND TIME OF LATEST TRANSACTION
control field 20230421100213.0
008 - FIXED-LENGTH DATA ELEMENTS--GENERAL INFORMATION
fixed length control field 230421b ||||| |||| 00| 0 eng d
040 ## - CATALOGING SOURCE
Transcribing agency AL
041 ## - LANGUAGE CODE
Language code of text/sound track or separate title English
082 ## - DEWEY DECIMAL CLASSIFICATION NUMBER
Edition number 23
Classification number 310/110
Item number SRIC
100 ## - MAIN ENTRY--PERSONAL NAME
Personal name M N Srinivas
100 ## - MAIN ENTRY--PERSONAL NAME
9 (RLIN) 91343
245 ## - TITLE STATEMENT
Title Caste in Modern India and other Essays
260 ## - PUBLICATION, DISTRIBUTION, ETC.
Place of publication, distribution, etc. Bombay
Name of publisher, distributor, etc. Media Promoters and Publishers Pvt Ltd
Date of publication, distribution, etc. 1962
300 ## - PHYSICAL DESCRIPTION
Extent viii,171 p.
Other physical details PB
Dimensions 21.5x14 cm.
650 ## - SUBJECT ADDED ENTRY--TOPICAL TERM
Topical term or geographic name entry element Social Classes
9 (RLIN) 91344
700 ## - ADDED ENTRY--PERSONAL NAME
Personal name SRINIVAS (M N)
9 (RLIN) 91345
942 ## - ADDED ENTRY ELEMENTS (KOHA)
Source of classification or shelving scheme Dewey Decimal Classification
Koha item type Special Grants
Holdings
Withdrawn status Lost status Source of classification or shelving scheme Damaged status Not for loan Collection code Home library Current library Shelving location Date acquired Total Checkouts Full call number Barcode Date last seen Price effective from Koha item type
    Dewey Decimal Classification     Sociology St Aloysius Library St Aloysius Library UGC Book Bank 04/21/2023   310/110 SRIC SG02692 04/21/2023 04/21/2023 Special Grants
    Dewey Decimal Classification     Sociology St Aloysius Library St Aloysius Library UGC Book Bank 04/21/2023   310/111 SRIC SG02693 04/21/2023 04/21/2023 Special Grants
    Dewey Decimal Classification     Sociology St Aloysius Library St Aloysius Library UGC Book Bank 04/21/2023   310/113 SRIC SG02695 04/21/2023 04/21/2023 Special Grants
    Dewey Decimal Classification     Sociology St Aloysius Library St Aloysius Library UGC Book Bank 04/21/2023   310/112 SRIC SG02694 12/20/2023 04/21/2023 Special Grants